000
00334 a2200157 4500
001
190737
020
_a
85-254-1424-7
040
_c
Magnum
100
_a
Eça de Queiroz, José Maria
240
1
0
_a
Os Maias
_l
por
245
1
0
_a
Os Maias
300
_a
332
362
0
_a
2005
697
_a
LITERATURA GERAL ESTRANGEIRA
942
_c
BK
999
_c
190737
_d
190737